Lesser worlds /

Bibliographic Details
Main Author: Pain, Nesta, 1905-1995
Format: Book
Language:English
Published: New York : Coward-McCann, [1958]
Edition:[1st American ed.].
Subjects:

MARC

Tag First Indicator Second Indicator Subfields
LEADER 00000cam a2200000 4500
001 in00000047953
005 20151007075625.0
008 750818r1958 nyua 00000 eng u
010 |a  57014921  
035 |a (OCoLC)01557880 
035 |9 AAF3546AM 
040 |c FBA  |d TXA  |d UtOrBLW 
049 |a TXAM  |c [293973] 
050 0 0 |a QL467  |b .P2 1958 
082 0 |a 595.7 
092 |a 595.7  |b P144 
100 1 |a Pain, Nesta,  |d 1905-1995. 
245 1 0 |a Lesser worlds /  |c Illustrated by J. Yunge Bateman. 
250 |a [1st American ed.]. 
264 1 |a New York :  |b Coward-McCann,  |c [1958] 
300 |a 244 pages :  |b illustrations ;  |c 21 cm. 
336 |a text  |b txt  |2 rdacontent 
337 |a unmediated  |b n  |2 rdamedia 
338 |a volume  |b nc  |2 rdacarrier 
650 0 |a Insects. 
650 0 |a Spiders. 
650 0 |a Animal intelligence. 
999 |a MARS 
999 f f |s bc80e09f-2485-3e87-a34d-c9ee0ead044e  |i 9fa86bce-86f8-3648-ae26-32996cf364e9  |t 0 
952 f f |p ric  |a Texas A&M University  |b Rellis Campus  |c Joint Library Facility  |d Remote Storage  |t 0  |e QL467 .P2 1958  |h Library of Congress classification  |i unmediated -- volume  |m A14801013558 
998 f f |a QL467 .P2 1958  |t 0  |l Remote Storage